000 00481nam a2200193Ia 4500
008 131103s9999 xx 000 0 und d
020 _cRs.80
040 _aLoreto College
041 _aEnglish
082 _aF/FOR
_bLCBED/11423
100 _aForbes, Colin
245 _aBy Stealth
_cColin Forbes
260 _aNew Delhi
_bRupa & Co.
_c1993
300 _a535p.
_c 18 cm.
650 _aEnglish fiction
651 _aEnglish literature
850 _aLCBED/F/FOR
942 _cBK
999 _c32339
_d82818